The poetics of space / (Record no. 352475)

000 -LEADER
fixed length control field 01029 a2200289 4500
003 - CONTROL NUMBER IDENTIFIER
control field OSt
005 - DATE AND TIME OF LATEST TRANSACTION
control field 20180116192336.0
008 - FIXED-LENGTH DATA ELEMENTS--GENERAL INFORMATION
fixed length control field 120301t xxu||||| |||| 00| 0 eng d
010 ## - LIBRARY OF CONGRESS CONTROL NUMBER
LC control number 93027874
020 ## - INTERNATIONAL STANDARD BOOK NUMBER
International Standard Book Number 0807064734
020 ## - INTERNATIONAL STANDARD BOOK NUMBER
International Standard Book Number 9780807064733
040 ## - CATALOGING SOURCE
Transcribing agency 0
082 00 - DEWEY DECIMAL CLASSIFICATION NUMBER
Classification number 194
100 1# - MAIN ENTRY--PERSONAL NAME
Personal name Bachelard, Gaston,
9 (RLIN) 553
245 14 - TITLE STATEMENT
Title The poetics of space /
Statement of responsibility, etc. Gaston Bachelard ; translated from the French by Maria Jolas ; with a new foreword by John R. Stilgoe.
260 ## - PUBLICATION, DISTRIBUTION, ETC.
Place of publication, distribution, etc. Boston :
Name of publisher, distributor, etc. Beacon Press,
Date of publication, distribution, etc. 1994.
300 ## - PHYSICAL DESCRIPTION
Extent xxxix, 241 p. ;
Dimensions 21 cm.
500 ## - GENERAL NOTE
General note Originally published: New York : Orion Press, 1964.
650 #0 - SUBJECT ADDED ENTRY--TOPICAL TERM
Topical term or geographic name entry element Space and time.
9 (RLIN) 554
650 #0 - SUBJECT ADDED ENTRY--TOPICAL TERM
Topical term or geographic name entry element Imagination.
9 (RLIN) 555
650 #0 - SUBJECT ADDED ENTRY--TOPICAL TERM
Topical term or geographic name entry element Poetry.
9 (RLIN) 556
700 1# - ADDED ENTRY--PERSONAL NAME
Personal name Jolas, M.
9 (RLIN) 557
856 42 - ELECTRONIC LOCATION AND ACCESS
Materials specified Publisher description
Uniform Resource Identifier <a href="http://www.loc.gov/catdir/description/hm031/93027874.html">http://www.loc.gov/catdir/description/hm031/93027874.html</a>
942 ## - ADDED ENTRY ELEMENTS (KOHA)
Institution code [OBSOLETE] SADA
Koha item type Book
Call number prefix 194 BAC 1994
Source of classification or shelving scheme
Holdings
Withdrawn status Lost status Source of classification or shelving scheme Damaged status Not for loan Permanent Location Current Location Date acquired Total Checkouts Total Renewals Full call number Barcode Date last seen Date last checked out Cost, replacement price Price effective from Koha item type
          School of Art Design and Architecture (SADA) School of Art Design and Architecture (SADA) 09/29/2010 21 7 194 BAC 1994 SADA0000249 04/17/2025 04/15/2025 1455.00 08/05/2011 Book
          School of Art Design and Architecture (SADA) School of Art Design and Architecture (SADA) 04/12/2011 20 12 194 BAC 1994 SADA0000816 11/04/2025 09/15/2025 1138.00 08/05/2011 Book
          School of Art Design and Architecture (SADA) School of Art Design and Architecture (SADA) 04/12/2011 19 12 194 BAC 1994 SADA0000817 04/16/2024 02/22/2024 1138.00 08/05/2011 Book
          School of Art Design and Architecture (SADA) School of Art Design and Architecture (SADA) 04/12/2011 21 12 194 BAC 1994 SADA0000818 03/05/2026 02/13/2026 1138.00 08/05/2011 Book
© 2023 Central Library, National University of Sciences and Technology. All Rights Reserved.